Statistics for NBA 2011 Playoffs Starters

Click here to take the quiz!

General Stats

  • This quiz has been taken 551 times
    (513 since last reset)
  • The average score is 46 of 80

Answer Stats

TeamPlayer% Correct
BullsDerrick Rose
97%
HeatDwyane Wade
96%
HeatLeBron James
96%
BullsJoakim Noah
93%
CelticsRay Allen
93%
SpursTim Duncan
93%
ThunderKevin Durant
92%
CelticsKevin Garnett
92%
LakersKobe Bryant
92%
CelticsPaul Pierce
92%
ThunderRussell Westbrook
92%
GrizzliesTony Allen
92%
KnicksCarmelo Anthony
91%
HeatChris Bosh
91%
MavericksDirk Nowitzki
91%
MagicDwight Howard
91%
GrizzliesMarc Gasol
91%
LakersPau Gasol
91%
CelticsRajon Rondo
91%
SpursTony Parker
91%
HeatJoel Anthony
86%
MavericksJason Kidd
85%
SpursManu Ginóbili
85%
PacersPaul George
83%
ThunderKendrick Perkins
81%
MavericksTyson Chandler
79%
GrizzliesMike Conley
76%
ThunderSerge Ibaka
76%
HawksAl Horford
75%
HawksJosh Smith
74%
Trail BlazersLaMarcus Aldridge
74%
LakersDerek Fisher
73%
GrizzliesZach Randolph
70%
HawksJoe Johnson
69%
BullsCarlos Boozer
68%
LakersAndrew Bynum
66%
HornetsChris Paul
66%
BullsLuol Deng
66%
76ersAndre Iguodala
65%
HawksJeff Teague
65%
LakersRon Artest
65%
MavericksShawn Marion
63%
KnicksAmar'e Stoudemire
62%
PacersRoy Hibbert
62%
MagicJameer Nelson
61%
Trail BlazersAndre Miller
58%
PacersDanny Granger
53%
MagicHedo Türkoğlu
53%
76ersJrue Holiday
52%
ThunderThabo Sefolosha
50%
CelticsJermaine O'Neal
46%
NuggetsTy Lawson
44%
NuggetsDanilo Gallinari
38%
HeatMike Bibby
35%
SpursRichard Jefferson
34%
Trail BlazersGerald Wallace
33%
NuggetsNenê
32%
GrizzliesSam Young
32%
MavericksDeShawn Stevenson
29%
76ersElton Brand
29%
PacersDarren Collison
28%
NuggetsKenyon Martin
28%
Trail BlazersMarcus Camby
28%
Trail BlazersWesley Matthews
28%
HornetsEmeka Okafor
27%
HornetsTrevor Ariza
26%
MagicBrandon Bass
24%
NuggetsArron Afflalo
22%
MagicJason Richardson
22%
76ersSpencer Hawes
17%
HawksJason Collins
14%
BullsKeith Bogans
14%
KnicksLandry Fields
12%
SpursAntonio McDyess
11%
HornetsMarco Belinelli
10%
HornetsCarl Landry
7%
76ersJodie Meeks
7%
PacersTyler Hansbrough
5%
KnicksRonny Turiaf
4%
KnicksToney Douglas
4%

Score Distribution

Percentile by Number Answered

Percent of People with Each Score

Your Score History

You have not taken this quiz since the last reset